Approval steps for additional and selective licensing designations in England (Record no. 106210)

MARC details
000 -LEADER
fixed length control field 01765cam a2200229 4500
001 - CONTROL NUMBER
control field L135797
008 - FIXED-LENGTH DATA ELEMENTS--GENERAL INFORMATION
fixed length control field 061212n2006 000 0 eng u
035 ## - SYSTEM CONTROL NUMBER
System control number (Sirsi) u135797
041 0# - LANGUAGE CODE
Language code of text/sound track or separate title eng
050 ## - LIBRARY OF CONGRESS CALL NUMBER
Classification number 306.026 $2 18
110 1# - MAIN ENTRY--CORPORATE NAME
Corporate name or jurisdiction name as entry element United Kingdom
Subordinate unit Department for Communities and Local Government
9 (RLIN) 4939
245 00 - TITLE STATEMENT
Title Approval steps for additional and selective licensing designations in England
260 ## - PUBLICATION, DISTRIBUTION, ETC.
Place of publication, distribution, etc. London
Name of publisher, distributor, etc. DCLG
Date of publication, distribution, etc. 2006
505 0# - FORMATTED CONTENTS NOTE
Formatted contents note Additional HMO licensing -- Selective licensing -- Conditions applying to additional HMO licensing -- Conditions applying to selective licensing -- Further conditions applying to additional and selective licensing -- How to make a designation for additional or selective licensing -- Selective licensing - identifying the factors affecting an area -- Applying factors -- Consultation -- How to apply -- Consent granted: duration and notification -- Consent granted: review -- Annex A: Template for designation of an area for selective licensing -- Annex B: Template for designation of an area for additional HMO licensing -- Annex C: Approval steps for additional and selective licensing designations in England.
520 ## - SUMMARY, ETC.
Summary, etc. A procedural document setting out the steps that local authorities' will need to follow should they wish to seek approval for an area to be designated as either an additional or selective licensing scheme under Part II or Part III of the Housing Act 2004.
650 24 - SUBJECT ADDED ENTRY--TOPICAL TERM
Topical term or geographic name entry element HOUSING ACT 2004 PART II
650 24 - SUBJECT ADDED ENTRY--TOPICAL TERM
Topical term or geographic name entry element HOUSING ACT 2004 PART III
651 #4 - SUBJECT ADDED ENTRY--GEOGRAPHIC NAME
Geographic name England
Chronological subdivision 886-
690 ## - LOCAL SUBJECT ADDED ENTRY--TOPICAL TERM (OCLC, RLIN)
Topical term or geographic name as entry element PROPERTY-RESIDENTIAL PROPERTY-TEMPORARY AND MOBILE RESIDENTIAL PROPERTY
856 40 - ELECTRONIC LOCATION AND ACCESS
Uniform Resource Identifier <a href="https://www.communities.gov.uk/index.asp?id=1504748">https://www.communities.gov.uk/index.asp?id=1504748</a>
Public note View free of charge at www.communities.gov.uk...
942 ## - ADDED ENTRY ELEMENTS (KOHA)
Suppress in OPAC 0
Holdings
Withdrawn status Lost status Source of classification or shelving scheme Damaged status Not for loan Home library Current library Shelving location Date acquired Total Checkouts Full call number Barcode Date last seen Copy number Price effective from Koha item type
    Dewey Decimal Classification     Virtual Virtual Online 12/12/2006   ONLINE PUBLICATION 135797-1001 06/08/2019 1 06/08/2019 Book